[Event "25th Abu Dhabi Master 2018"]
[Site "Abu Dhabi"]
[Date "2018.08.11"]
[Round "5"]
[White "Srinivasa Rao, M.."]
[Black "Kushagra Mohan"]
[Result "0-1"]
[WhiteElo "2160"]
[BlackElo "2270"]
[Annotator "NA"]
[PlyCount "88"]
[EventDate "2018.08.05"]
[EventType "swiss"]
[EventCountry "UAE"]
[SourceTitle "playchess.com"]
[Source "ChessBase"]
[SourceQuality "1"]

1. Nf3 Nf6 2. c4 g6 3. g3 Bg7 4. Bg2 c5 5. O-O O-O 6. Nc3 Nc6 7. d4 cxd4 8. Nxd4 Qa5 9. Nb3 Qh5 10. e3 d6 11. Qxh5 Nxh5 12. c5 dxc5 13. Nxc5 Rb8 14. Rd1 Rd8 15. Rxd8+ Nxd8 16. Nd5 Kf8 17. a4 e6 18. Nc3 b6 19. N5e4 Nb7 20. Bd2 f5 21. g4 fxg4 22. Nb5 a6 23. Bb4+ Kg8 24. Nbd6 Bxb2 25. Rd1 a5 26. Be1 Nxd6 27. Rxd6 Kf7 28. f3 gxf3 29. Bxf3 Be5 30. Rd8 Nf6 31. Bg3 Bxg3 32. hxg3 Ne8 33. Rd2 Ke7 34. Rh2 h5 35. g4 Bb7 36. gxh5 gxh5 37. Ng5 Bxf3 38. Nxf3 Nf6 39. Nd4 Rc8 40. Rb2 Rc1+ 41. Kf2 Nd5 42. Kf3 Rc3 43. Nc2 h4 44. Kf2 Rc4 0-1

[Event "25th Abu Dhabi Master 2018"]
[Site "Abu Dhabi"]
[Date "2018.08.11"]
[Round "5"]
[White "Thompson, Ian D"]
[Black "Polakhare Aryan"]
[Result "1-0"]
[WhiteElo "2156"]
[BlackElo "1957"]
[Annotator "NA"]
[PlyCount "179"]
[EventDate "2018.08.05"]
[EventType "swiss"]
[EventCountry "UAE"]
[SourceTitle "playchess.com"]
[Source "ChessBase"]
[SourceQuality "1"]

1. c4 e5 2. g3 Nf6 3. Bg2 h6 4. Nc3 Bb4 5. e4 a5 6. Nge2 Nc6 7. d3 Nd4 8. O-O Bc5 9. Nxd4 Bxd4 10. Ne2 c5 11. h3 d6 12. Kh2 Bd7 13. a4 O-O 14. f4 Kh7 15. Rb1 g6 16. Bd2 Ng8 17. f5 g5 18. b3 f6 19. Bf3 Kg7 20. g4 Ne7 21. Ng3 Kf7 22. Kg2 Rh8 23. Rh1 Nc6 24. Qe2 Qe7 25. h4 Rag8 26. Rh3 Be8 27. Rbh1 Qf8 28. Kf1 Nb4 29. Bc1 Ke7 30. R1h2 Kd8 31. Qd1 Qg7 32. Kg2 Kc8 33. Qf1 Kd8 34. Bd2 b6 35. Be2 Nc2 36. Qc1 Nb4 37. Qh1 Nc2 38. hxg5 Ne3+ 39. Bxe3 Bxe3 40. g6 Bg5 41. Kf3 Qe7 42. Nf1 Qf8 43. Ne3 Bc6 44. Kf2 Bf4 45. Rg2 Bg5 46. Qd1 Rg7 47. Rgh2 Kc8 48. Rh5 Bf4 49. Rh1 Rgg8 50. Ng2 Bg5 51. Nh4 Be8 52. Nf3 Bf4 53. Ng1 Bg5 54. Bf3 Kd8 55. Nh3 Ke7 56. Ke2 Rg7 57. Nxg5 fxg5 58. Rxh6 Rhg8 59. Qc1 Qf6 60. R1h5 Bxg6 61. Rxg5 Kf7 62. Rhxg6 Rxg6 63. Rxg6 Rxg6 64. fxg6+ Kxg6 65. Qe3 Qh4 66. Qg1 Kg7 67. g5 Kg6 68. Qg2 Qf4 69. Qh3 Qc1 70. Qf5+ Kg7 71. Qf6+ Kg8 72. Kf2 Qd2+ 73. Be2 b5 74. axb5 a4 75. bxa4 d5 76. g6 Qh6 77. Qf7+ Kh8 78. g7+ Qxg7 79. Qxg7+ Kxg7 80. exd5 Kf6 81. a5 Ke7 82. a6 e4 83. dxe4 Kd8 84. e5 Kc7 85. e6 Kb8 86. d6 Ka7 87. d7 Kb8 88. d8=Q+ Ka7 89. Qc7+ Ka8 90. Bf3# 1-0

[Event "25th Abu Dhabi Master 2018"]
[Site "Abu Dhabi"]
[Date "2018.08.11"]
[Round "5"]
[White "Michelle Catherina, P."]
[Black "Al Hosani, Omran"]
[Result "1-0"]
[WhiteElo "2153"]
[BlackElo "2135"]
[Annotator "NA"]
[PlyCount "99"]
[EventDate "2018.08.05"]
[EventType "swiss"]
[EventCountry "UAE"]
[SourceTitle "playchess.com"]
[Source "ChessBase"]
[SourceQuality "1"]

1. c4 e5 2. Nc3 Nf6 3. g3 d5 4. cxd5 Nxd5 5. Bg2 Nb6 6. e3 Be7 7. Nge2 O-O 8. O-O Nc6 9. f4 exf4 10. Nxf4 Nb4 11. d4 c6 12. e4 c5 13. d5 Nc4 14. a3 Na6 15. Nd3 Bf6 16. Kh1 b6 17. Qh5 Re8 18. h4 Ne5 19. Nxe5 Rxe5 20. Qf3 h5 21. Bf4 Bg4 22. Qd3 c4 23. Qxc4 Nc5 24. Nb5 a6 25. Nd4 Qe8 26. Rae1 Rc8 27. Nc6 a5 28. Nxe5 Bxe5 29. Bxe5 Qxe5 30. Qc3 Qe8 31. Qe3 Qe5 32. b4 axb4 33. axb4 Na6 34. b5 Nb4 35. Qf4 Qe8 36. Rc1 Ra8 37. Rc7 f6 38. Qd2 Qe5 39. Qf4 Qe8 40. d6 Nd3 41. Qe3 Qxb5 42. Qd4 Ne5 43. Qd2 Bf3 44. Rfc1 Kh7 45. Bxf3 Nxf3 46. Qd1 Ra3 47. R7c3 Qb2 48. Qxf3 Qxc1+ 49. Rxc1 Rxf3 50. Rd1 1-0

[Event "25th Abu Dhabi Master 2018"]
[Site "Abu Dhabi"]
[Date "2018.08.11"]
[Round "5"]
[White "Ivana Maria, Furtado"]
[Black "Pranavananda V"]
[Result "0-1"]
[WhiteElo "2146"]
[BlackElo "2232"]
[Annotator "NA"]
[PlyCount "160"]
[EventDate "2018.08.05"]
[EventType "swiss"]
[EventCountry "UAE"]
[SourceTitle "playchess.com"]
[Source "ChessBase"]
[SourceQuality "1"]

1. Nf3 d5 2. b3 Bf5 3. Bb2 e6 4. d4 Nf6 5. g3 Nbd7 6. Bg2 h6 7. O-O c6 8. c4 Be7 9. Nbd2 a5 10. Ne5 O-O 11. e3 a4 12. Qe2 Bb4 13. Nxd7 Qxd7 14. bxa4 Rxa4 15. cxd5 exd5 16. a3 Bd6 17. Nb3 Qe7 18. Nc5 Bxc5 19. dxc5 Nd7 20. Bc3 Nxc5 21. Bb4 Rfa8 22. e4 b6 23. Rac1 Qe8 24. Qc2 dxe4 25. Bxc5 bxc5 26. Qxc5 Bg6 27. Qxc6 Qxc6 28. Rxc6 Rxa3 29. Re1 Ra1 30. Rcc1 Rxc1 31. Rxc1 f5 32. f3 Re8 33. fxe4 fxe4 34. Re1 Kf7 35. Kf2 Kf6 36. Ke3 Ra8 37. Rd1 Ke5 38. Rd7 Ra3+ 39. Kf2 e3+ 40. Ke1 Ra1+ 41. Ke2 Ra2+ 42. Kxe3 Rxg2 43. Rxg7 Kf6 44. Ra7 Rxh2 45. Kf3 Rb2 46. Ra6+ Kg5 47. Ra5+ Bf5 48. Rc5 Rb3+ 49. Kf2 Ra3 50. Rb5 h5 51. Rc5 Kf6 52. Rc6+ Ke5 53. Rc5+ Ke4 54. Rc4+ Kd5 55. Rb4 Rc3 56. Rb5+ Rc5 57. Rb8 Be4 58. Ke3 Rc3+ 59. Kf4 Rf3+ 60. Kg5 Rf5+ 61. Kh4 Bf3 62. Rb5+ Ke6 63. Rb6+ Kf7 64. Rb3 Kg6 65. Ra3 Rf6 66. Rb3 Kg7 67. Ra3 Kf7 68. Rb3 Be2 69. Ra3 Rc6 70. Ra2 Re6 71. Kg5 Rg6+ 72. Kf4 Rg4+ 73. Ke5 Bd3 74. Rf2+ Kg6 75. Rf3 Bb1 76. Re3 Rb4 77. Re1 Kg5 78. Rh1 Bf5 79. Rf1 Re4+ 80. Kd5 Re3 0-1

[Event "25th Abu Dhabi Master 2018"]
[Site "Abu Dhabi"]
[Date "2018.08.11"]
[Round "5"]
[White "Moayed, Obied"]
[Black "Villanueva, Nelson"]
[Result "1/2-1/2"]
[WhiteElo "2146"]
[BlackElo "2133"]
[Annotator "NA"]
[PlyCount "116"]
[EventDate "2018.08.05"]
[EventType "swiss"]
[EventCountry "UAE"]
[SourceTitle "playchess.com"]
[Source "ChessBase"]
[SourceQuality "1"]

1. d4 Nf6 2. c4 g6 3. Nc3 d5 4. cxd5 Nxd5 5. e4 Nxc3 6. bxc3 Bg7 7. Bc4 O-O 8. Ne2 c5 9. O-O cxd4 10. cxd4 Nc6 11. Be3 Na5 12. Bd3 f5 13. e5 b6 14. Nf4 Bb7 15. f3 Bh6 16. Be2 Rc8 17. Qd2 Bxf4 18. Bxf4 Qd5 19. Rfd1 Rfd8 20. Be3 Nc4 21. Bxc4 Rxc4 22. Rac1 Rdc8 23. Qb2 Kf7 24. Rxc4 Rxc4 25. Qf2 Ra4 26. Rd2 h5 27. Rc2 f4 28. Bxf4 Rxd4 29. Rd2 Rxd2 30. Qxd2 Qxd2 31. Bxd2 Ke6 32. Bg5 Kxe5 33. Bxe7 Bd5 34. a3 Kd4 35. Kf2 Kc4 36. g4 b5 37. gxh5 gxh5 38. Ke3 a5 39. f4 b4 40. axb4 axb4 41. f5 b3 42. Bf6 Bg8 43. Bb2 Kd5 44. Kf4 Bf7 45. Kg5 Ke4 46. Kf6 Bc4 47. Kg6 Kf4 48. f6 Kg4 49. Be5 h4 50. Bc3 Kh3 51. Be5 Kg2 52. Kg5 h3 53. Kg4 Be6+ 54. Kh4 b2 55. Bxb2 Kxh2 56. Kg5 Kg2 57. Be5 h2 58. Bxh2 Kxh2 1/2-1/2

[Event "25th Abu Dhabi Master 2018"]
[Site "Abu Dhabi"]
[Date "2018.08.11"]
[Round "5"]
[White "Sarvesh, Kumar A"]
[Black "Bakti, Kulkarni"]
[Result "1-0"]
[WhiteElo "2145"]
[BlackElo "2312"]
[Annotator "NA"]
[PlyCount "53"]
[EventDate "2018.08.05"]
[EventType "swiss"]
[EventCountry "UAE"]
[SourceTitle "playchess.com"]
[Source "ChessBase"]
[SourceQuality "1"]

1. e4 d6 2. d4 Nf6 3. Nc3 e5 4. Nf3 exd4 5. Nxd4 Be7 6. Be3 O-O 7. f3 Re8 8. Bc4 c6 9. O-O b5 10. Bd3 b4 11. Nce2 d5 12. e5 Bc5 13. exf6 Rxe3 14. Qd2 Re8 15. fxg7 Qf6 16. c3 Bb6 17. Ng3 bxc3 18. bxc3 Bxd4+ 19. cxd4 Qxd4+ 20. Kh1 c5 21. Nh5 Nd7 22. Rad1 f5 23. Qg5 Qe5 24. f4 Qe6 25. Bxf5 Qd6 26. Bxd7 Bxd7 27. Rxd5 1-0

[Event "25th Abu Dhabi Master 2018"]
[Site "Abu Dhabi"]
[Date "2018.08.11"]
[Round "5"]
[White "Jeet, Jain"]
[Black "Gomes, Mary Ann"]
[Result "0-1"]
[WhiteElo "2136"]
[BlackElo "2303"]
[Annotator "NA"]
[PlyCount "196"]
[EventDate "2018.08.05"]
[EventType "swiss"]
[EventCountry "UAE"]
[SourceTitle "playchess.com"]
[Source "ChessBase"]
[SourceQuality "1"]

1. e4 c5 2. Nf3 a6 3. c4 Nc6 4. Nc3 d6 5. d4 Bg4 6. d5 Nd4 7. Be3 e5 8. dxe6 Nxf3+ 9. gxf3 Bxe6 10. Qd2 Nf6 11. Rg1 Qc7 12. a4 g6 13. f4 Be7 14. Be2 O-O-O 15. a5 Rhe8 16. Qd3 Bd7 17. b4 cxb4 18. Bb6 Qc6 19. Nd5 Nxe4 20. Nxb4 Nc5 21. Nxc6 Nxd3+ 22. Kd2 Nxf4 23. Nxd8 Nxe2 24. Kxe2 Bxd8+ 25. Kd2 Re4 26. Bxd8 Kxd8 27. Rac1 Re5 28. Ra1 Rh5 29. Ke3 Bc6 30. Rgd1 Ke7 31. Ra2 Rxh2 32. Kd4 Rh3 33. Re1+ Kf6 34. Re3 Rh1 35. Kc3 Rc1+ 36. Kb4 Rd1 37. Kc3 h5 38. Rd2 Rxd2 39. Kxd2 h4 40. Ke2 g5 41. Kf1 g4 42. Kg1 Kg5 43. Rd3 f5 44. Rxd6 f4 45. Rd8 g3 46. Rg8+ Kf5 47. Rh8 Kg4 48. fxg3 hxg3 49. Rg8+ Kf3 50. Rg6 Ke2 51. Re6+ Kd3 52. Rf6 f3 53. Rg6 g2 54. Kf2 Kxc4 55. Rg7 Kb4 56. Rg5 Ka4 57. Rf5 Kb4 58. Rg5 Kc4 59. Ke3 Bd5 60. Kf2 Kd4 61. Rg4+ Kc5 62. Rg5 Kc6 63. Rg6+ Kb5 64. Rg5 Kc4 65. Ke3 Kb4 66. Kf2 Bc6 67. Ke3 g1=Q+ 68. Rxg1 Kxa5 69. Rg4 b5 70. Kd3 Kb6 71. Rg5 a5 72. Kc3 b4+ 73. Kb3 Bb5 74. Rf5 Be2 75. Rf6+ Kc7 76. Rf5 Bd1+ 77. Kc4 Be2+ 78. Kb3 Kb6 79. Rf6+ Kb7 80. Rf5 Bd1+ 81. Kc4 b3 82. Kc3 Kb6 83. Kb2 a4 84. Rd5 Be2 85. Rf5 Kc6 86. Kc3 Kd6 87. Rf4 Ke5 88. Rxa4 Bd1 89. Ra8 Kf4 90. Rf8+ Ke3 91. Kb2 f2 92. Re8+ Kd2 93. Rf8 Ke2 94. Re8+ Kf3 95. Rf8+ Kg3 96. Rg8+ Bg4 97. Rf8 Bf3 98. Rg8+ Kh4 0-1

[Event "25th Abu Dhabi Master 2018"]
[Site "Abu Dhabi"]
[Date "2018.08.11"]
[Round "5"]
[White "Srihari L R"]
[Black "Divya Deshmukh"]
[Result "1/2-1/2"]
[WhiteElo "2135"]
[BlackElo "2172"]
[Annotator "NA"]
[PlyCount "139"]
[EventDate "2018.08.05"]
[EventType "swiss"]
[EventCountry "UAE"]
[SourceTitle "playchess.com"]
[Source "ChessBase"]
[SourceQuality "1"]

1. Nf3 Nf6 2. g3 d5 3. Bg2 Bf5 4. O-O c6 5. d3 h6 6. Nbd2 e6 7. Qe1 Be7 8. e4 dxe4 9. dxe4 Bh7 10. Qe2 O-O 11. c4 Na6 12. Rd1 Qc7 13. e5 Nd7 14. Nb3 c5 15. Bd2 Nab8 16. Na5 a6 17. Bc3 b6 18. Nd2 Ra7 19. Nab3 a5 20. a4 Nc6 21. f4 Ndb8 22. Nb1 Rd8 23. Na3 Qc8 24. Nb5 Rad7 25. Rxd7 Qxd7 26. Be4 Bxe4 27. Qxe4 Na7 28. Rf1 Nbc6 29. Kh1 Bf8 30. g4 Qd3 31. Qxd3 Rxd3 32. Kg2 Nc8 33. Rf3 Rd7 34. Rf2 g6 35. Rd2 Rxd2+ 36. Nxd2 Bg7 37. Ne4 Kf8 38. h4 N8e7 39. Nbd6 h5 40. gxh5 gxh5 41. Ng5 Nd8 42. Nh7+ Kg8 43. Nf6+ Bxf6 44. exf6 Nf5 45. Nc8 Nxh4+ 46. Kh3 Ng6 47. Bd2 Nb7 48. Nxb6 Kf8 49. Nd7+ Ke8 50. Ne5 Nf8 51. Kh4 Nh7 52. Nc6 Nxf6 53. Nxa5 Nd6 54. Bc3 Nfe4 55. Nb3 Nxc4 56. Kxh5 Kd7 57. Kh6 Kd6 58. a5 Kc6 59. a6 Kb6 60. a7 Kxa7 61. Nxc5 Nxc5 62. Bd4 Kb6 63. b4 Kc6 64. Bxc5 f5 65. Kg5 e5 66. Kxf5 exf4 67. Kxf4 Nb6 68. Ke4 Nd5 69. Kd4 Nxb4 70. Ke4 1/2-1/2

[Event "25th Abu Dhabi Master 2018"]
[Site "Abu Dhabi"]
[Date "2018.08.11"]
[Round "5"]
[White "Mohamed Faisal"]
[Black "Mansour, Sameer"]
[Result "0-1"]
[WhiteElo "2134"]
[BlackElo "2275"]
[Annotator "NA"]
[PlyCount "58"]
[EventDate "2018.08.05"]
[EventType "swiss"]
[EventCountry "UAE"]
[SourceTitle "playchess.com"]
[Source "ChessBase"]
[SourceQuality "1"]

1. e4 g6 2. d4 Bg7 3. Nc3 d6 4. f4 Nc6 5. Bb5 a6 6. Bxc6+ bxc6 7. Nf3 Nf6 8. O-O O-O 9. Qe1 Nd7 10. Kh1 c5 11. dxc5 Nxc5 12. Be3 Bxc3 13. Qxc3 Nxe4 14. Qc6 Bf5 15. Rad1 Nf6 16. Qc3 Be4 17. Bd4 Bb7 18. f5 Nd5 19. Qd2 e5 20. fxe6 fxe6 21. Qh6 Qe7 22. Rfe1 Nf4 23. Nh4 e5 24. Be3 g5 25. Nf3 Nxg2 26. Kxg2 Rxf3 27. Kg1 Rf6 28. Qh5 Qd7 29. c4 Qc6 0-1

[Event "25th Abu Dhabi Master 2018"]
[Site "Abu Dhabi"]
[Date "2018.08.11"]
[Round "5"]
[White "Bartakke, Amardeep S."]
[Black "Sultan, Ibrahim"]
[Result "1-0"]
[WhiteElo "2133"]
[BlackElo "2140"]
[Annotator "NA"]
[PlyCount "77"]
[EventDate "2018.08.05"]
[EventType "swiss"]
[EventCountry "UAE"]
[SourceTitle "playchess.com"]
[Source "ChessBase"]
[SourceQuality "1"]

1. e4 e6 2. d4 d5 3. Nd2 c5 4. exd5 Qxd5 5. Ngf3 cxd4 6. Bc4 Qd6 7. O-O Nc6 8. Nb3 a6 9. Nbxd4 Nxd4 10. Nxd4 Qc7 11. Qe2 Bd6 12. h3 Ne7 13. Bd3 O-O 14. c4 Rd8 15. Be3 Ng6 16. Rad1 Nf4 17. Bxf4 Bxf4 18. Nf3 g6 19. b4 Bd7 20. g3 Bh6 21. Bc2 Bg7 22. a4 a5 23. b5 Rac8 24. Bd3 e5 25. Kh2 f5 26. Nd2 e4 27. Bb1 Kh8 28. Nb3 Be6 29. Rxd8+ Rxd8 30. Rd1 Rxd1 31. Qxd1 Bxc4 32. Qc2 Be5 33. Nxa5 Qxa5 34. Qxc4 Qe1 35. Qc5 Bxg3+ 36. Kxg3 Qg1+ 37. Kh4 Kg7 38. Qe7+ Kh6 39. Qf8# 1-0

[Event "25th Abu Dhabi Master 2018"]
[Site "Abu Dhabi"]
[Date "2018.08.11"]
[Round "5"]
[White "Song, Yuxin"]
[Black "Sidhant, Mohapatra"]
[Result "1/2-1/2"]
[WhiteElo "2126"]
[BlackElo "2341"]
[Annotator "NA"]
[PlyCount "42"]
[EventDate "2018.08.05"]
[EventType "swiss"]
[EventCountry "UAE"]
[SourceTitle "playchess.com"]
[Source "ChessBase"]
[SourceQuality "1"]

1. e4 c5 2. Nf3 e6 3. d4 cxd4 4. Nxd4 Nc6 5. Nc3 Qc7 6. Be2 a6 7. Be3 Nf6 8. O-O Be7 9. f4 d6 10. Qe1 O-O 11. Qg3 Bd7 12. Rae1 b5 13. a3 Nxd4 14. Bxd4 Bc6 15. Bd3 Rad8 16. Kh1 Rfe8 17. e5 dxe5 18. Bxe5 Qb7 19. Ne4 Nh5 20. Qh3 g6 21. Ng5 Bf6 1/2-1/2

[Event "25th Abu Dhabi Master 2018"]
[Site "Abu Dhabi"]
[Date "2018.08.11"]
[Round "5"]
[White "Al Hajiri, Bader"]
[Black "Esenbek Uulu, Ilimbek"]
[Result "0-1"]
[WhiteElo "2120"]
[BlackElo "2159"]
[Annotator "NA"]
[PlyCount "50"]
[EventDate "2018.08.05"]
[EventType "swiss"]
[EventCountry "UAE"]
[SourceTitle "playchess.com"]
[Source "ChessBase"]
[SourceQuality "1"]

1. e4 e5 2. Nf3 Nc6 3. Bc4 Nf6 4. Ng5 d5 5. exd5 Na5 6. Bb5+ c6 7. dxc6 bxc6 8. Qf3 Rb8 9. Bxc6+ Nxc6 10. Qxc6+ Nd7 11. d3 Be7 12. Ne4 Rb6 13. Qa4 O-O 14. Nbc3 f5 15. Ng3 Rb4 16. Qc6 Kh8 17. Nd5 f4 18. Nxb4 Bxb4+ 19. c3 fxg3 20. hxg3 Bc5 21. Qg6 Bxf2+ 22. Ke2 Nf6 23. Bg5 Bg4+ 24. Kd2 Qb6 25. Kc2 Kg8 0-1

[Event "25th Abu Dhabi Master 2018"]
[Site "Abu Dhabi"]
[Date "2018.08.11"]
[Round "5"]
[White "Ali, Nehad"]
[Black "Al-Zaabi, Sultan"]
[Result "1/2-1/2"]
[WhiteElo "2113"]
[BlackElo "1945"]
[Annotator "NA"]
[PlyCount "35"]
[EventDate "2018.08.05"]
[EventType "swiss"]
[EventCountry "UAE"]
[SourceTitle "playchess.com"]
[Source "ChessBase"]
[SourceQuality "1"]

1. c4 c5 2. g3 Nc6 3. Bg2 g6 4. Nc3 Bg7 5. e3 e5 6. Nge2 Nge7 7. O-O O-O 8. Nd5 d6 9. a3 a5 10. d3 Rb8 11. Nec3 Be6 12. Bd2 f5 13. f4 h6 14. Rb1 Qd7 15. Qe1 b6 16. Qf2 g5 17. Kh1 Ng6 18. Rg1 1/2-1/2

[Event "25th Abu Dhabi Master 2018"]
[Site "Abu Dhabi"]
[Date "2018.08.11"]
[Round "5"]
[White "Mayank, Pal"]
[Black "Adnan, Habib"]
[Result "0-1"]
[WhiteElo "2100"]
[BlackElo "2171"]
[Annotator "NA"]
[PlyCount "140"]
[EventDate "2018.08.05"]
[EventType "swiss"]
[EventCountry "UAE"]
[SourceTitle "playchess.com"]
[Source "ChessBase"]
[SourceQuality "1"]

1. d4 Nf6 2. Bf4 g6 3. Nc3 d5 4. e3 Bg7 5. h4 h6 6. Nf3 Bg4 7. Be2 Bxf3 8. Bxf3 c6 9. g4 Nfd7 10. Qd2 e5 11. dxe5 Nxe5 12. Be2 Nbd7 13. Bg3 Nb6 14. Bxe5 Bxe5 15. f4 Bg7 16. a4 Qe7 17. Kf2 O-O-O 18. a5 d4 19. axb6 dxe3+ 20. Qxe3 Bd4 21. Qxd4 Rxd4 22. bxa7 Rxf4+ 23. Bf3 Kc7 24. a8=Q Rxa8 25. Rxa8 Qf6 26. Rh3 Rxg4 27. Re8 Qd4+ 28. Ke2 Rxh4 29. Re7+ Kb8 30. Re8+ Ka7 31. Rxh4 Qxh4 32. Re3 f5 33. Nd1 Qc4+ 34. Kd2 g5 35. b3 Qd4+ 36. Rd3 Qf4+ 37. Ke2 Qh2+ 38. Kf1 Qxc2 39. Be2 Qc1 40. Rc3 Qf4+ 41. Rf3 Qh2 42. Ke1 f4 43. Nf2 h5 44. Rh3 Qg1+ 45. Bf1 g4 46. Rxh5 g3 47. Nh3 Qe3+ 48. Kd1 Qxb3+ 49. Ke1 f3 50. Rg5 Qe3+ 51. Kd1 g2 52. Bxg2 fxg2 53. Rxg2 Qxh3 54. Ra2+ Kb8 55. Rd2 Qg4+ 56. Kc2 Qa4+ 57. Kb2 Qb4+ 58. Kc2 Qxd2+ 59. Kxd2 Kc7 60. Kc3 c5 61. Kc4 Kc6 62. Kc3 b5 63. Kb3 c4+ 64. Kc3 Kc5 65. Kc2 b4 66. Kb2 c3+ 67. Kc1 Kc4 68. Kb1 b3 69. Ka1 Kd3 70. Kb1 b2 0-1

[Event "25th Abu Dhabi Master 2018"]
[Site "Abu Dhabi"]
[Date "2018.08.11"]
[Round "5"]
[White "Panda Sambit"]
[Black "Sahil, Tickoo"]
[Result "1/2-1/2"]
[WhiteElo "2043"]
[BlackElo "2192"]
[Annotator "NA"]
[PlyCount "97"]
[EventDate "2018.08.05"]
[EventType "swiss"]
[EventCountry "UAE"]
[SourceTitle "playchess.com"]
[Source "ChessBase"]
[SourceQuality "1"]

1. d4 d5 2. c4 e6 3. Nc3 Nf6 4. Nf3 Be7 5. Bf4 O-O 6. a3 b6 7. cxd5 Nxd5 8. Nxd5 exd5 9. Qc2 c5 10. e3 Be6 11. Bd3 h6 12. dxc5 bxc5 13. O-O Nc6 14. b4 c4 15. Bh7+ Kh8 16. Bf5 Bd6 17. Bxd6 Qxd6 18. Rfd1 Rad8 19. Rac1 Rd7 20. h3 Rfd8 21. Bxe6 Qxe6 22. Nd4 Nxd4 23. Rxd4 Qb6 24. Qd2 Qc6 25. Rd1 Qa4 26. Qc3 Qc6 27. Rg4 f6 28. Rgd4 Rd6 29. Qc2 Qb6 30. Qd2 Qa6 31. Qc3 Qc6 32. h4 R6d7 33. Rc1 Qe6 34. a4 a6 35. Rcd1 Qc6 36. Qc2 Qb7 37. Rb1 Qc6 38. e4 c3 39. b5 axb5 40. axb5 Qc5 41. Rbd1 Rd6 42. exd5 Rxd5 43. Rxd5 Rxd5 44. Rxd5 Qxd5 45. Qxc3 Qxb5 46. Qc8+ Kh7 47. Qc2+ Kh8 48. Qc8+ Kh7 49. Qc2+ 1/2-1/2

[Event "25th Abu Dhabi Master 2018"]
[Site "Abu Dhabi"]
[Date "2018.08.11"]
[Round "5"]
[White "Akash G"]
[Black "Raahul V S"]
[Result "1-0"]
[WhiteElo "1847"]
[BlackElo "2277"]
[Annotator "NA"]
[PlyCount "125"]
[EventDate "2018.08.05"]
[EventType "swiss"]
[EventCountry "UAE"]
[SourceTitle "playchess.com"]
[Source "ChessBase"]
[SourceQuality "1"]

1. g3 Nf6 2. Bg2 g6 3. e4 d6 4. d4 Bg7 5. Ne2 O-O 6. Nbc3 e5 7. h3 Nc6 8. Be3 exd4 9. Nxd4 Nxd4 10. Bxd4 Be6 11. O-O Qd7 12. Kh2 c6 13. f4 d5 14. e5 Ne4 15. Bxe4 dxe4 16. Bc5 Rfd8 17. Qxd7 Rxd7 18. Nxe4 Bf5 19. Rae1 Rad8 20. Nd6 Bxc2 21. Bxa7 Ra8 22. Bc5 b6 23. Bxb6 Rxa2 24. Bd4 Bb3 25. Ra1 Bf8 26. Rxa2 Bxa2 27. Bc5 Rd8 28. Ra1 Bd5 29. g4 f6 30. Kg3 g5 31. fxg5 fxe5 32. Nb7 Rb8 33. Bxf8 Kxf8 34. Ra7 Kg8 35. b4 e4 36. Nd6 Rxb4 37. Ra8+ Kg7 38. Nf5+ Kg6 39. Kh4 Rb7 40. Rf8 Bf7 41. Rc8 Bd5 42. Rf8 Bf7 43. Rd8 Bd5 44. Rd6+ Kf7 45. Rxd5 cxd5 46. Nd6+ Ke6 47. Nxb7 d4 48. Kg3 Ke5 49. Na5 d3 50. Nb3 e3 51. Kf3 d2 52. Ke2 Kf4 53. Nd4 Kg3 54. Nf5+ Kxh3 55. Nxe3 Kh4 56. g6 hxg6 57. Kxd2 Kg5 58. Ke2 Kf4 59. Kf2 g5 60. Ke2 Kg3 61. Kd3 Kf3 62. Kd4 Kf4 63. Kd5 1-0

[Event "25th Abu Dhabi Master 2018"]
[Site "Abu Dhabi"]
[Date "2018.08.12"]
[Round "6"]
[White "Le, Quang Liem"]
[Black "Fier, Alexandr"]
[Result "1-0"]
[WhiteElo "2727"]
[BlackElo "2561"]
[Annotator "TA"]
[PlyCount "93"]
[EventDate "2018.08.05"]
[EventType "swiss"]
[EventCountry "UAE"]
[SourceTitle "playchess.com"]
[Source "ChessBase"]
[SourceQuality "1"]

1. c4 c5 2. Nf3 Nf6 3. Nc3 Nc6 4. g3 g6 5. Bg2 Bg7 6. d4 cxd4 7. Nxd4 O-O 8. O-O Qa5 9. e3 d6 10. Bd2 Bd7 11. b3 Rfc8 12. Rc1 Qh5 13. Nde2 Bh3 14. Bxh3 Qxh3 15. Nf4 Qd7 16. e4 Qd8 17. Be3 Nd7 18. Kg2 a6 19. a4 Qa5 20. Nfe2 Rab8 21. Qc2 Nc5 22. Rfd1 Nb4 23. Qb1 Qd8 24. Nd5 Nxd5 25. Rxd5 Qf8 26. Nc3 e6 27. Rdd1 Rc6 28. b4 Bxc3 29. bxc5 Be5 30. f4 Bg7 31. cxd6 Rxd6 32. Bc5 Rxd1 33. Bxf8 Rd2+ 34. Kh3 Bxf8 35. c5 Rdd8 36. Qb6 Rdc8 37. Qa7 Bg7 38. c6 bxc6 39. Rxc6 Rd8 40. Qxa6 Ra8 41. Qc4 Ba1 42. Qa2 Bd4 43. a5 Rd7 44. Qa4 Raa7 45. Rc8+ Kg7 46. Qb4 Kh6 47. e5 1-0

[Event "25th Abu Dhabi Master 2018"]
[Site "Abu Dhabi"]
[Date "2018.08.12"]
[Round "6"]
[White "Amin, Bassem"]
[Black "Aryan, Chopra"]
[Result "1/2-1/2"]
[WhiteElo "2684"]
[BlackElo "2536"]
[Annotator "TA"]
[PlyCount "163"]
[EventDate "2018.08.05"]
[EventType "swiss"]
[EventCountry "UAE"]
[SourceTitle "playchess.com"]
[Source "ChessBase"]
[SourceQuality "1"]

1. e4 c5 2. Nf3 d6 3. g3 Nc6 4. Bg2 g6 5. O-O Bg7 6. d3 Nf6 7. Re1 O-O 8. Nc3 Rb8 9. a4 a6 10. e5 Ne8 11. exd6 Nxd6 12. Bf4 Bg4 13. Qd2 e5 14. Nxe5 Nxe5 15. Bxe5 Bxe5 16. Rxe5 Nc4 17. Qf4 Nxe5 18. Qxe5 Qd4 19. Qxd4 cxd4 20. Nd5 Kg7 21. Nb6 Rfd8 22. a5 Bd7 23. c4 Bf5 24. Bf1 Re8 25. b4 Re6 26. Nd5 g5 27. f3 Rd8 28. Rc1 Kf8 29. h3 Rh6 30. f4 g4 31. h4 Re6 32. Kf2 h6 33. Rb1 Rc6 34. Rb2 Rdd6 35. Rd2 Rxd5 36. cxd5 Rc3 37. d6 Ke8 38. Bg2 Bxd3 39. Bxb7 Kd7 40. b5 Bxb5 41. Rxd4 Rc2+ 42. Kg1 Rc1+ 43. Kg2 Rc2+ 44. Kg1 Rc1+ 45. Kf2 Rc2+ 46. Ke1 Re2+ 47. Kd1 Re3 48. Be4 Rxg3 49. Bf5+ Kd8 50. d7 Rg1+ 51. Kd2 g3 52. Ke3 Ra1 53. Kf3 Ra3+ 54. Kg2 Bc6+ 55. Be4 Bxe4+ 56. Rxe4 Rxa5 57. Rd4 Ra3 58. Rd6 h5 59. Rd5 f6 60. Rd6 Ra2+ 61. Kxg3 Ra3+ 62. Kg2 Ra2+ 63. Kf3 Ra3+ 64. Ke4 Rh3 65. Kf5 Rxh4 66. Rd4 Rh1 67. Kxf6 h4 68. f5 h3 69. Rd3 h2 70. Rd2 a5 71. Kf7 a4 72. Kf6 a3 73. Kf7 Ra1 74. Rxh2 Kxd7 75. Rd2+ Kc6 76. f6 Rf1 77. Ke7 Kb5 78. f7 Kc4 79. Ra2 Kb3 80. Rxa3+ Kxa3 81. f8=Q Rxf8 82. Kxf8 1/2-1/2

[Event "25th Abu Dhabi Master 2018"]
[Site "Abu Dhabi"]
[Date "2018.08.12"]
[Round "6"]
[White "Sjugirov, Sanan"]
[Black "Aliyev, Ravan"]
[Result "1-0"]
[WhiteElo "2677"]
[BlackElo "2346"]
[Annotator "TA"]
[PlyCount "33"]
[EventDate "2018.08.05"]
[EventType "swiss"]
[EventCountry "UAE"]
[SourceTitle "playchess.com"]
[Source "ChessBase"]
[SourceQuality "1"]

1. e4 e5 2. Nf3 Nc6 3. Bb5 a6 4. Ba4 Nf6 5. d3 d6 6. O-O g6 7. Re1 Bg7 8. c3 O-O 9. Nbd2 b5 10. Bc2 Nb8 11. d4 Nbd7 12. d5 Bb7 13. b3 c6 14. c4 bxc4 15. bxc4 Nc5 16. Rb1 Nfd7 17. Rxb7 1-0

[Event "25th Abu Dhabi Master 2018"]
[Site "Abu Dhabi"]
[Date "2018.08.12"]
[Round "6"]
[White "Korobov, Anton"]
[Black "Wang, Hao"]
[Result "1-0"]
[WhiteElo "2664"]
[BlackElo "2711"]
[Annotator "TA"]
[PlyCount "69"]
[EventDate "2018.08.05"]
[EventType "swiss"]
[EventCountry "UAE"]
[SourceTitle "playchess.com"]
[Source "ChessBase"]
[SourceQuality "1"]

1. d4 Nf6 2. Nf3 d5 3. Bf4 Bf5 4. e3 e6 5. Nbd2 Bd6 6. Ne5 Nbd7 7. Bd3 O-O 8. O-O Be7 9. Bxf5 exf5 10. c4 dxc4 11. Ndxc4 Nd5 12. Bg3 N7f6 13. Qb3 Rb8 14. h3 Qc8 15. f3 f4 16. Bxf4 Nxf4 17. exf4 Nd5 18. Rfe1 Nxf4 19. Re4 Nd5 20. Ne3 c6 21. Nxd5 cxd5 22. Qxd5 Qd8 23. Qb3 Bf6 24. Rae1 g6 25. f4 Qc7 26. f5 Kg7 27. Qe3 Rfe8 28. fxg6 fxg6 29. Rf1 Re6 30. Ng4 Rxe4 31. Qxe4 Bg5 32. d5 Qb6+ 33. Rf2 h5 34. Qe5+ Kh7 35. Kh2 1-0